| 000 | 00416nam a2200181Ia 4500 | ||
|---|---|---|---|
| 008 | 210210b1999 xxu||||| |||| 00| 0 eng d | ||
| 041 | _aeng | ||
| 082 | _a657.42 ADIC | ||
| 100 | _aADIGA (K S) | ||
| 245 | _aCost accounting V2 | ||
| 260 |
_aUdupi _bShubha Prakashana _c1999 |
||
| 300 | _a39361d-mmm | ||
| 650 | _aV2 | ||
| 650 | _aCost | ||
| 650 | _aaccounting | ||
| 690 | _aCost Accounting | ||
| 906 | _a059835 | ||
| 999 |
_c106745 _d106745 |
||